000 01098cab a2200277 4500
001 ABS53296
008 090401t1995 xxu||||| |||| 00| 0 eng d
035 _a(Sirsi) u3336
041 _aeng
100 _aLambert, D.
245 _aHistoric parks and gardens: a review of legislation, policy guidance and significant court and appeal decisions
260 _c1995
350 _a0
490 _aJournal of Planning and Environment Law
_vJuly 1995, 563-573(11)
520 _aWith increasing importance being given to the protection of historic parks and gardens, this article examines government advice relating to planning, and the steps being taken to protect them. Looks at the background and legal framework, the implications of PPG15 and includes examples of important court decsions. References.
650 _aENGLISH HERITAGE
650 _aHISTORIC GARDENS
650 _aHISTORIC HOUSES
650 _aPARKS AND GARDENS
650 _aPLANNING POLICY
650 _aPPG15
690 _aPLANNING LAW AND PRACTICE
700 _aShacklock, V.
942 _n0
948 _c04/03/1997
999 _c2044
_d2044